000 00544nam a2200169 i 4500
020 _a2706805862 :
040 _cDLC
082 0 0 _a630 G-P.M 1974 A039 Or.
100 1 _aAngladette, André.
245 1 0 _aProblèmes et perspectives de l'agriculture dans les pays tropicaux /
260 _aParis :
_bG.-P. Maisonneuve et Larose,
_c[1974]
300 _a770 p., [32] leaves of plates :
_bill. ;
_c25 cm.
490 0 _aTechniques agricoles et productions tropicales ; 25-27
650 0 _aAgriculture
700 1 _aDeschamps, Louis,
942 _cFB
999 _c11986
_d11986